The A R R L antenna book (Record no. 1963)

MARC details
000 -LEADER
fixed length control field 00567nam a2200193Ia 4500
003 - CONTROL NUMBER IDENTIFIER
control field IN-BaIIA
008 - FIXED-LENGTH DATA ELEMENTS--GENERAL INFORMATION
fixed length control field 211028s9999 xx 000 0 eng d
040 ## - CATALOGING SOURCE
Transcribing agency IIA Library
080 ## - UNIVERSAL DECIMAL CLASSIFICATION NUMBER
Universal Decimal Classification number 621.396.67
Item number AME
110 ## - MAIN ENTRY--CORPORATE NAME
Corporate name or jurisdiction name as entry element American Radio Relay League
9 (RLIN) 2262
245 #6 - TITLE STATEMENT
Title The A R R L antenna book
Statement of responsibility, etc. The American Radio Relay League Inc.
250 ## - EDITION STATEMENT
Edition statement 6th ed
260 ## - PUBLICATION, DISTRIBUTION, ETC.
Place of publication, distribution, etc. West Hartford
Name of publisher, distributor, etc. American Radio Relay League
Date of publication, distribution, etc. 1954
300 ## - PHYSICAL DESCRIPTION
Extent 282p
650 ## - SUBJECT ADDED ENTRY--TOPICAL TERM
Topical term or geographic name entry element Antennas
9 (RLIN) 2176
650 ## - SUBJECT ADDED ENTRY--TOPICAL TERM
Topical term or geographic name entry element NASA Thesaurus
650 ## - SUBJECT ADDED ENTRY--TOPICAL TERM
Topical term or geographic name entry element Radio Antennas
9 (RLIN) 3723
942 ## - ADDED ENTRY ELEMENTS (KOHA)
Koha item type Books
Holdings
Withdrawn status Lost status Damaged status Not for loan Home library Current library Shelving location Date acquired Total Checkouts Full call number Barcode Date last seen Price effective from Koha item type
        IIA Library-Bangalore IIA Library-Bangalore General Stacks     621.396.67/AME 2207 05/11/2021   Books

Powered by Koha